Statistics for 100 Animals German – English

Click here to take the quiz!

General Stats

  • This quiz has been taken 129 times
  • The average score is 63 of 100

Answer Stats

GermanEnglish% Correct
Katzecat
100%
Hunddog
100%
Pferdhorse
100%
Mausmouse
100%
Tigertiger
100%
Kamelcamel
99%
Elefantelephant
99%
Giraffegiraffe
98%
Ratterat
96%
Löwelion
95%
Schweinpig
94%
Pinguinpenguin
93%
Kaninchenrabbit
91%
Krokodilcrocodile
90%
Hamsterhamster
89%
Schafsheep
86%
Bienebee
84%
Huhnchicken
84%
Kuhcow
84%
Schlangesnake
84%
Fliegefly
83%
Fuchsfox
83%
Goldfischgoldfish
83%
Schmetterlingbutterfly
81%
Spinnespider
80%
Fledermausbat
79%
Reh / Hirschdeer
79%
Eseldonkey
79%
Affemonkey
79%
Walwhale
79%
Froschfrog
78%
Lamallama
78%
Schimpansechimpanzee
76%
Haishark
76%
Adlereagle
75%
Ameiseant
74%
Enteduck
74%
Nashornrhinoceros
74%
Wespewasp
74%
Nilpferdhippopotamus
73%
Hyänehyena
70%
Schneckesnail
70%
Elchmoose
69%
Euleowl
69%
Eisbärpolar bear
66%
Gansgoose
65%
Meerschweinchenguinea pig
65%
Thunfischtuna
65%
Taubepigeon
64%
Eichhörnchensquirrel
64%
Falkefalcon
63%
Truthahnturkey
63%
Gepardcheetah
61%
Igelhedgehog
61%
Waschbärraccoon
61%
Walrosswalrus
61%
Karpfencarp
60%
Krähecrow
60%
Grashüpfergrasshopper
60%
Lachssalmon
59%
Kanarienvogelcanary
58%
Rentierreindeer
58%
Robbeseal
58%
Landschildkrötetortoise
58%
Aaleel
56%
Biberbeaver
54%
Raberaven
53%
Hasehare
51%
Marienkäferladybird
49%
Hornissehornet
48%
Eidechselizard
46%
Luchslynx
46%
Austeroyster
45%
Dachsbadger
43%
Flohflea
43%
Hummerlobster
43%
Kakerlakecockroach
41%
Tausendfüßlermillipede
41%
Pfaupeacock
41%
Geiervulture
41%
Hummelbumblebee
40%
Faultiersloth
40%
Nacktschneckeslug
40%
Stachelschweinporcupine
38%
Krötetoad
38%
Forelletrout
38%
Libelledragonfly
36%
Schnabeltierplatypus
36%
Schwalbeswallow
34%
Erdferkelaardvark
33%
Regenwurmearthworm
33%
Gürteltierarmadillo
31%
Kabeljaucod
31%
Fasanpheasant
31%
Pavianbaboon
30%
Rotkehlchenrobin
30%
Molchnewt
29%
Spitzmausshrew
26%
Wellensittichbudgerigar
23%
Rennmausgerbil
23%

Score Distribution

Percentile by Number Answered

Percent of People with Each Score

Your Score History

You have not taken this quiz